Atlas de riesgos agroclimáticos del el área agrícola argentina 2001/2010 [cd-rom] /

Guardado en:
Autor Principal: Sierra, Eduardo M.
Otros Autores: Lollini, Martín
Formato: Libro
Publicado: Buenos Aires : Orientación Gráfica, 2011
Materias:
Etiquetas: Agregar Etiqueta
Sin Etiquetas, Sea el primero en etiquetar este registro!
LEADER 00977nam a22002295a 4500
001 CEM.cems017925
005 20130904115952.0
008 130507s2011##################000#0#####d
003 CEMS
020 |a 9789260890 
082 0 4 |a DVD630.2515 
100 1 |a Sierra, Eduardo M. 
245 1 0 |a Atlas de riesgos agroclimáticos del el área agrícola argentina 2001/2010 [cd-rom] /  |c Eduardo M. Sierra y Martín Lollini 
260 |a Buenos Aires :  |b  Orientación Gráfica,  |c 2011 
300 |a 1 DVD 
500 |a Acompaña al libro de texto Las heladas en la Argentina de Juan Jacinto Burgos 
505 0 |a Región pampeana -- Región Cuyo -- Región NEA -- Región NOA -- Región patagonia 
653 |a Agrometeorología 
700 1 |a Lollini, Martín 
859 |a CEMS  |b BIB. CEMS - Agricultura  |h DVD630.2515  |i Si172  |p A0021.012  |t Ej.1 
859 |a CEMS  |b BIB. CEMS - Agricultura  |h DVD630.2515  |i Si172  |p A0022.012  |t Ej.2 
859 |a CEMS  |b BIB. CEMS - Agricultura  |h DVD630.2515  |i Si172  |p A0032.012  |t Ej.3